000 00284nam a2200121Ia 4500
008 190216s9999||||xx |||||||||||||| ||und||
100 _aRaman Pillai C V
245 0 _aDharmaraja
260 _bPoorna Pubs Kozhikode
_c1983
300 _a370p
650 _aMalayalam Novel
942 _cBK
999 _c25389
_d25389